00627nam a2200169Ia 4500008004100000020001400041082002100055100004700076245005500123250001600178260004600194300001000240856007000250942001200320999001900332952010600351210430s9999 xx 000 0 und d a618433899 a808.0666 R5851 T aDaniel G Riordan, Steven E. Pauley9128994 aTechnical Report Writing Today /cDaniel G Riordan a8th edition aIslamabadbNational Book Foundationc2010 a598p. uhttp://www.amazon.com/exec/obidos/ASIN/0618433899/chopaconline-20 cBK2ddc c564318d564318 00102ddc4070aSCMEbSCMEcGENd0000-00-00o808.0666 R5851 TpSCME-3517r2021-04-30w2021-04-30yBK